Normal view
MARC view
- Lan Stewart
Entry Personal Name
001 - CONTROL NUMBER
- control field: 20420
003 - CONTROL NUMBER IDENTIFIER
- control field: NUST
005 - DATE AND TIME OF LATEST TRANSACTION
- control field: 20190913055214.0
008 - FIXED-LENGTH DATA ELEMENTS
- fixed length control field: 190913|| aca||aabn | a|a d
040 ## - CATALOGING SOURCE
- Original cataloging agency: NUST
- Transcribing agency: NUST
100 ## - HEADING--PERSONAL NAME
- Personal name: Lan Stewart
670 ## - SOURCE DATA FOUND
- Source citation: Work cat.: (NUST): Lan Stewart , Does God Play Dice? The Mathematics of Chaos , 1990
